Arizona State Hospital master plan ; (Record no. 494)
[ view plain ]
| 000 -LEADER | |
|---|---|
| fixed length control field | 00873nam a2200217 a 4500 |
| 005 - DATE AND TIME OF LATEST TRANSACTION | |
| control field | 20260322212022.0 |
| 008 - FIXED-LENGTH DATA ELEMENTS--GENERAL INFORMATION | |
| fixed length control field | data |
| 096 ## - LOCALLY ASSIGNED NLM-TYPE CALL NUMBER (OCLC) | |
| Classification number | WX 140 A77 1975 |
| 001 - CONTROL NUMBER | |
| control field | data |
| 110 2# - MAIN ENTRY--CORPORATE NAME | |
| Corporate name or jurisdiction name as entry element | Guirey, Srnka, Arnold and Sprinkle |
| 245 10 - TITLE STATEMENT | |
| Title | Arizona State Hospital master plan ; |
| Remainder of title | summary report. |
| Statement of responsibility, etc. | Guirey, Srnka, Arnold and Sprinkle ... [et al.]. |
| 260 ## - PUBLICATION, DISTRIBUTION, ETC. | |
| Place of publication, distribution, etc. | Phoenix, AZ : |
| Name of publisher, distributor, etc. | Guirey, Srnka, Arnold and Sprinkle, |
| Date of publication, distribution, etc. | 1975. |
| 300 ## - PHYSICAL DESCRIPTION | |
| Extent | var. pagings ; |
| Other physical details | cm. |
| 500 ## - GENERAL NOTE | |
| General note | Prepared for Arizona State Hospital by Guirey, Srnka, Arnold and Sprinkle Architects and Planners. Phoenix, Arizona. November 1975. |
| 650 #0 - SUBJECT ADDED ENTRY--TOPICAL TERM | |
| Topical term or geographic name entry element | Arizona State Hospital |
| 650 #0 - SUBJECT ADDED ENTRY--TOPICAL TERM | |
| Topical term or geographic name entry element | Hospital buildings |
| General subdivision | Planning |
| Geographic subdivision | Arizona |
| 650 #0 - SUBJECT ADDED ENTRY--TOPICAL TERM | |
| Topical term or geographic name entry element | Mental health facilities |
| General subdivision | Utilization |
| 710 2# - ADDED ENTRY--CORPORATE NAME | |
| Corporate name or jurisdiction name as entry element | Adam, Hamlyn and associates |
| 710 2# - ADDED ENTRY--CORPORATE NAME | |
| Corporate name or jurisdiction name as entry element | Holmquist and King Consulting Engineers |
| 710 2# - ADDED ENTRY--CORPORATE NAME | |
| Corporate name or jurisdiction name as entry element | Lowry and Sorenson Engineering Co. |
| Withdrawn status | Lost status | Damaged status | Not for loan | Home library | Current library | Shelving location | Date acquired | Total checkouts | Full call number | Barcode | Date last seen | Price effective from | Koha item type |
|---|---|---|---|---|---|---|---|---|---|---|---|---|---|
| Franklin | Franklin | General stacks | 22/03/2026 | GEN | BC0010505 | 22/03/2026 | 22/03/2026 | Books |